| 000 | 02200nam a2200325Ia 4500 | ||
|---|---|---|---|
| 005 | 20170719160057.0 | ||
| 008 | 130821s1886 sp fr 0 1 p spa d | ||
| 040 |
_aCo-BoUCM _bspa _cSandra Yazo _dSandra Yazo |
||
| 041 | 0 | _aspa | |
| 082 | 0 | 4 |
_a986.102 _220 |
| 092 | _aE07N021 | ||
| 100 | 1 |
_aCastellanos, Juan de _d1522-1607 _978492 |
|
| 245 | 1 | 0 |
_aHistoria del Nuevo Reino de Granada _cpor Juan de Castellanos. Publícala por primera vez D. Antonio Paz y Mélia |
| 260 |
_aMadrid (España) _bImprenta de A. Pérez Dubrull _c1886 |
||
| 300 |
_a2 volúmenes (lvii, 450 ; 450 páginas) _c17 x 11 cm. |
||
| 490 | 0 |
_aColección de Escritores Castellanos. Historiadores _v44 ; 49 |
|
| 500 | _aDetalles físicos: Encuadernación rígida (española), en cartón forrado en cuero, lomo con tejuelos y adornos en dorado. Tapas con raspaduras y residuos de cinta pegante. Guardas en papel de agua. V.1 con guarda delantera rota. Anteportada. Portada impresa en dos tintas con datos de la obra enmarcados en una orla decorativa. Dedicatoria. Introducción. Texto impreso en una columna con varios tipos y tamaños de letra. Cenefas. Mayúsculas capitales. Papel manchado. Al final índice y colofón. V.2 al final erratas | ||
| 505 | 1 | _aV.1: Introducción ; Preliminares ; Cantos 1 al 15 -- V.2: Cantos 16 al 23 ; Elegía compuesta a la muerte del Capitán Jerónimo Hurtado de Mendoza ; Elogio del Dr. Antonio González ; Negocio de las alcabalas ; Notas y correcciones ; Glosario ; Índice de los nombres de personas citadas en toda la obra de Juan de Castellanos | |
| 506 | _aConsulta en sala | ||
| 650 | 7 |
_aHistoria de Colombia _926508 |
|
| 650 | 7 |
_aPoesía colombiana _921792 |
|
| 651 | 0 | 4 |
_aNuevo Reino de Granada _xHistoria _xConquista _927171 |
| 651 | 0 | 4 |
_aNuevo Reino de Granada _xPoesía _986595 |
| 690 |
_aHistoria de Colombia _926508 |
||
| 700 | 1 |
_aPaz y Mélia, Antonio _d1842-1927 _961105 _eeditor |
|
| 740 | 1 | _aElegías de varones ilustres de Indias | |
| 856 | 4 | 1 |
_uhttps://archive.org/details/historiadelnuevo01cast _zDisponible en línea V.1 |
| 856 | 4 | 1 |
_uhttps://archive.org/details/historiadelnuev00meligoog _zDisponible en línea V.2 |
| 942 |
_cLIBRO _a21 _e1 _2LOCAL _hE07N021 |
||
| 999 |
_c70668 _d70668 |
||